Slovensko-český a česko-slovenský slovník rozdílnych výrazů /

Enregistré dans:
Détails bibliographiques
Auteurs principaux: Nečas, Jaroslav (Auteur), Kopecký, Miloslav (Auteur)
Format: Livre
Langue:tchèque
Publié: Praha : Státní pedagogické nakladatelství, 1964
Tags: Ajouter un tag
Pas de tags, Soyez le premier à ajouter un tag!

MARC

LEADER 00000nam a22000003a 4500
001 stu262
005 20150617225621.6
008 910502s1964----cs------------------cze-d
040 |a STU  |b slo 
041 0 |a cze 
044 |a cs 
080 |a 801.323.2=854=850 
100 1 |a Nečas, Jaroslav  |4 aut 
245 1 |a Slovensko-český a česko-slovenský slovník rozdílnych výrazů /  |c [aut.] Nečas,Jaroslav; Kopecký,Miloslav 
260 |a Praha :  |b Státní pedagogické nakladatelství,  |c 1964 
300 |a 512 s 
700 1 |a Kopecký, Miloslav  |4 aut 
996 |b E74363  |c E*74363  |l EE18  |s P  |a 0  |w stu262_0001